000
00429nam a2200133Ia 4500
008
100328s9999 xx 000 0 und d
082
_b
27720
100
_a
देशपांडे शिरीष गोपाळ
245
_a
शोध प्रतिशोध
260
_b
साहित्यसेवा
630
_a
शोध प्रतिशोध
730
_a
शोध प्रतिशोध
942
_c
BOOK
999
_c
519462
_d
519459